| 000 | 00578nam a22001937a 4500 | ||
|---|---|---|---|
| 003 | OSt | ||
| 005 | 20140310182455.0 | ||
| 008 | 130221t xxu||||| |||| 00| 0 eng d | ||
| 020 | _a9781405157117 (paperback) | ||
| 050 |
_aR 740 _b.L96 2011 |
||
| 100 |
_aLyons, Ian _98342 |
||
| 245 |
_aBiomedical science : _cIan Lyons. _blecture notes / |
||
| 260 |
_aMalaysia : _bWiley-Blackwell, _cc2011. |
||
| 300 |
_a550 p. : _bill. ; _c25 cm. |
||
| 500 | _aIncludes bibliographical references and index. | ||
| 650 |
_aClinical Medicine. _97996 |
||
| 942 |
_2lcc _cSSLC |
||
| 999 |
_c13729 _d13729 |
||